000 01369nam a22002417a 4500
999 _c12586
_d12586
003 AR-CdUCM
008 190409b ||||| |||| 00| 0 spa d
040 _aMUNICIPALIDAD PROVINCIAL DEL CUSCO
_cBIBLIOTECA MUNICIPAL DEL CUSCO
082 _aC / 869.5603 /
_bEL43
100 _aElorrieta vda. de Aranzábal, Genara
_930485
245 _aDatos históricos, leyendas y tradiciones del Cuzco /
_cGenara Elorrieta
260 _aCusco :
_bGarcilaso,
_c1956.
300 _a3 tomos ;
_bilustraciones, retrato, planos plegables,
_c21 cm.
500 _aAntes del titulo, "Año del Libertador Mariscal Castilla".
505 _aContenido: t.1: El primer Cabildo del Cuzco -- Tres Cédulas reales para Pizarro -- Firmaba pero no leía -- Tercero en discordia -- Capaces de sacramento ... -- t.2: Unas cuantas líneas preliminares -- Comentario a una obra de mérito -- Honor al esfuerzo -- Solo en infraganti delito -- Salario para los regidores ... -- t.3: De mal de yerbas -- Acatando sin cumplir reales pragmáticas -- Monasterio del Carmen en Arequipa -- Alcalde del Cuzco, todo un hombre ...
650 _aSiglo XX
_98
650 _aTradiciones cusqueñas
_931110
650 _aLiteratura cusqueña
_943912
700 _aParedes, Luis Felipe (prólogo)
_930486
700 _aYepez Miranda, Alfredo (opinión)
_930487
942 _2ddc
_cLIBROS
945 _aachl
_d2019-04-09